• 首页
  • 本馆介绍
  • 公告通知
  • 最新文献
  • 馆藏检索
  • 电子资源
  • 读者导购
  • 参考咨询
  • 我的图书馆
  • 登录
  • 详细信息显示
  • 放入我的书架
  • 预约/预借图书
  • 作者相关作品
  • 分类相关作品
  • 丛书相关作品
  • 出版社相关作品

书目信息

  • 表格格式
  • 工作单格式
  • 卡片格式
题名:
三角题解
    
 
作者: 龚宝和 , 王令九 编
分册:  
出版信息: 太原   山西人民出版社  1979
页数: 360页
开本: 19cm
丛书名:
单 册:
中图分类: O124-44 , G633.6
科图分类:
主题词: 三角--解题 , 教育--各级
电子资源:
ISBN:
000 00648nam0 2200253 450
001 1548001603
005 20150126132104.06
010    @dCNY0.80
091    @a7088.811
100    @a19950814d1979 em y0chiy0110 ea
101 0  @achi
102    @aCN@b140000
105    @ay z 000yy
200 1  @a三角题解@9san jiao ti jie@f龚宝和,王令九编
210    @a太原@c山西人民出版社@d1979
215    @a360页@d19cm
606 0  @a三角@x解题
606 0  @a教育@x各级
690    @aO124-44@v5
690    @aG633.6@v4
701  0 @a龚宝和@9gong bao he@4编
701  0 @a王令九@9wang ling jiu@4编
801  0 @aCN@bTSSF@c20150126
905    @aZUCC@dG633.6@eJY120
    
    三角题解/龚宝和,王令九编.-太原:山西人民出版社,1979
    360页;19cm
    
    
    ISBN :CNY0.80
    
●
相关链接 在E读中查询图书 在五车中查询图书 在当当中查询图书 在豆瓣中查询图书


正题名:三角题解     索取号:G633.6/JY120         预约/预借

序号 登录号 条形码 馆藏地/架位号 状态 备注
1 7838242   278382420   学院路分馆/ [索取号:G633.6/JY120] 在馆    
唐山师范学院图书馆 欢迎您!
大连网信软件有限公司© 版权所有